[Event "VIII Festival A"]
[Site "Amantea ITA"]
[Date "2010.08.30"]
[Round "2"]
[White "Hajenius, Willem"]
[Black "Cangiano, Federico"]
[Result "1-0"]
[WhiteElo "2050"]
[BlackElo "1960"]
[PlyCount "65"]
[EventDate "2010.08.29"]

1. d4 d5 2. c4 c6 3. cxd5 cxd5 4. Nc3 Nf6 5. Nf3 Nc6 6. Bf4 a6 7. e3 Bg4 8. Be2
e6 9. O-O Bd6 10. Bg3 O-O 11. Ne5 Bxe2 12. Qxe2 Bxe5 13. dxe5 Nd7 14. f4 b5 15.
Qg4 Kh8 16. Rf3 Nc5 17. Bh4 Qd7 18. Rh3 Ne7 19. Qh5 h6 20. g4 Ng8 21. f5 exf5
22. gxf5 b4 23. Ne2 Ne4 24. Nf4 Rac8 25. Rd1 Qc6 26. e6 Nef6 27. Bxf6 Nxf6 28.
Qg5 Nh7 29. Qg2 Nf6 30. exf7 Rxf7 31. Ng6+ Kg8 32. Rxh6 Nh7 33. Rxh7 1-0

[Event "VIII Festival A"]
[Site "Amantea ITA"]
[Date "2010.08.30"]
[Round "2"]
[White "Isonzo, David"]
[Black "Llaneza Vega, Marcos"]
[Result "1/2-1/2"]
[WhiteElo "2357"]
[BlackElo "2470"]
[PlyCount "63"]
[EventDate "2010.08.29"]

1. d4 Nf6 2. c4 g6 3. g3 Bg7 4. Bg2 O-O 5. Nc3 d6 6. Nf3 c6 7. O-O Qb6 8. b3
Qa5 9. Qd2 Qh5 10. Qg5 Qxg5 11. Bxg5 Re8 12. Rad1 h6 13. Bc1 Na6 14. e4 Bg4 15.
h3 Bxf3 16. Bxf3 Nd7 17. Bg2 Nb4 18. a3 Nc2 19. Ne2 c5 20. dxc5 Nxc5 21. b4 Nb3
22. Rd3 Ncd4 23. Nxd4 Nxd4 24. e5 dxe5 25. Bxb7 Rab8 26. Bg2 Red8 27. Rdd1 f5
28. Bd5+ Kf8 29. Be3 a6 30. Bxd4 exd4 31. f4 Rd6 32. Rfe1 1/2-1/2

[Event "VIII Festival A"]
[Site "Amantea ITA"]
[Date "2010.08.30"]
[Round "2"]
[White "Mladenov, Plamen"]
[Black "Milchev, Nikolay"]
[Result "1/2-1/2"]
[WhiteElo "2363"]
[BlackElo "2360"]
[PlyCount "30"]
[EventDate "2010.08.29"]

1. f4 e5 2. e4 exf4 3. Nc3 Qh4+ 4. Ke2 d5 5. Nxd5 Bg4+ 6. Nf3 Nc6 7. Nxc7+ Kd8
8. Nxa8 Ne5 9. h3 Bxf3+ 10. gxf3 Qg3 11. d3 Qxf3+ 12. Ke1 Qg3+ 13. Ke2 Qf3+ 14.
Ke1 Qg3+ 15. Ke2 Qf3+ 1/2-1/2

[Event "VIII Festival A"]
[Site "Amantea ITA"]
[Date "2010.08.30"]
[Round "2"]
[White "Pelyushenko, Ivanna"]
[Black "Vespe, Francesco"]
[Result "1/2-1/2"]
[WhiteElo "1926"]
[BlackElo "1996"]
[PlyCount "50"]
[EventDate "2010.08.29"]

1. e4 e6 2. d4 d5 3. exd5 exd5 4. Nf3 Bd6 5. Nc3 c6 6. Be3 Nf6 7. Be2 O-O 8.
O-O Bg4 9. Ne5 Bxe2 10. Qxe2 Qc7 11. f4 Nbd7 12. Qf3 Rfe8 13. Rae1 Qb6 14. Nd1
Nf8 15. c3 Ne4 16. g4 f6 17. Nd3 Qc7 18. Re2 Re7 19. Rg2 Rae8 20. h4 h6 21. h5
Nh7 22. Bc1 b6 23. Ne3 Rf7 24. Nf5 Qd7 25. Re1 Rff8 1/2-1/2

[Event "VIII Festival A"]
[Site "Amantea ITA"]
[Date "2010.08.30"]
[Round "2"]
[White "Rotunno, Giuseppe"]
[Black "Gromovs, Sergejs"]
[Result "0-1"]
[WhiteElo "2046"]
[BlackElo "2365"]
[PlyCount "86"]
[EventDate "2010.08.29"]

1. b3 d6 2. Bb2 e5 3. e3 Nf6 4. Nc3 g6 5. Nge2 Bg7 6. d4 O-O 7. dxe5 dxe5 8.
Ng3 c6 9. Be2 Be6 10. O-O Qc7 11. Nce4 Nxe4 12. Nxe4 Rd8 13. Qe1 Bd5 14. Ng3
Nd7 15. c4 Be6 16. Ne4 h6 17. Rd1 a5 18. Ba3 c5 19. Nc3 Nf8 20. Bf3 Rxd1 21.
Qxd1 Rd8 22. Bd5 b6 23. e4 Bc8 24. Qf3 h5 25. h3 Ne6 26. Bxe6 fxe6 27. Rd1 Bb7
28. Rd3 Rd4 29. Nb5 Qc6 30. Nxd4 exd4 31. Rd1 Qxe4 32. Qxe4 Bxe4 33. Bb2 Bc2
34. Rc1 d3 35. Rxc2 dxc2 36. Bc1 Kh7 37. Kf1 Bh6 38. f4 e5 39. Ke2 exf4 40. Kf3
g5 41. g4 fxg3 42. Kxg3 g4 43. Bb2 gxh3 0-1

[Event "VIII Festival A"]
[Site "Amantea ITA"]
[Date "2010.08.31"]
[Round "3"]
[White "Bifulco, Michel"]
[Black "Abatino, Maurizio"]
[Result "1/2-1/2"]
[WhiteElo "1952"]
[BlackElo "2163"]
[PlyCount "34"]
[EventDate "2010.08.29"]

1. d4 Nf6 2. c4 e6 3. Nf3 Bb4+ 4. Bd2 a5 5. e3 b6 6. Bd3 Bb7 7. O-O O-O 8. a3
Bxd2 9. Nbxd2 d6 10. Qc2 Nbd7 11. Ng5 h6 12. Nh7 Nxh7 13. Bxh7+ Kh8 14. Be4
Bxe4 15. Nxe4 f5 16. Nc3 Qe7 17. Rad1 Rac8 1/2-1/2

[Event "VIII Festival A"]
[Site "Amantea ITA"]
[Date "2010.08.31"]
[Round "3"]
[White "Borsos, Bogdan"]
[Black "Hajenius, Willem"]
[Result "1-0"]
[WhiteElo "2342"]
[BlackElo "2050"]
[PlyCount "81"]
[EventDate "2010.08.29"]

1. e4 d6 2. d4 Nf6 3. Nc3 e5 4. Nf3 Nbd7 5. Bc4 Be7 6. O-O O-O 7. Re1 c6 8. a4
h6 9. a5 Qc7 10. h3 Re8 11. Qe2 Nf8 12. dxe5 dxe5 13. Nh4 Ne6 14. Nf5 Nd4 15.
Nxd4 exd4 16. e5 Bb4 17. Bxh6 dxc3 18. Ra4 c5 19. Bf4 Bd7 20. Rxb4 cxb4 21. b3
Be6 22. Bd3 Rad8 23. Bg5 Rxd3 24. Qxd3 Nd5 25. a6 bxa6 26. h4 Qc6 27. h5 Bg4
28. h6 g6 29. Qd4 Qe6 30. Re4 Bf5 31. h7+ Kh8 32. Qxd5 Bxe4 33. Qxe4 f5 34. Qh4
Rf8 35. Qxb4 Rf7 36. Qxc3 Kxh7 37. Bf6 f4 38. Qd4 Qd7 39. Qxf4 Qd1+ 40. Kh2 Kg8
41. e6 1-0

[Event "VIII Festival A"]
[Site "Amantea ITA"]
[Date "2010.08.31"]
[Round "3"]
[White "Cangiano, Federico"]
[Black "Colucci, Pasquale"]
[Result "0-1"]
[WhiteElo "1960"]
[BlackElo "2016"]
[PlyCount "86"]
[EventDate "2010.08.29"]

1. d4 Nf6 2. Nf3 g6 3. Nc3 d5 4. Bf4 c6 5. h3 Bg7 6. e3 Nbd7 7. Bd3 b5 8. O-O
O-O 9. Ne5 Nxe5 10. Bxe5 Nd7 11. Bxg7 Kxg7 12. e4 b4 13. Ne2 dxe4 14. Bxe4 Qb6
15. Ng3 Nf6 16. Bf3 Rd8 17. Qc1 Rxd4 18. Qg5 Be6 19. Qe5 Rad8 20. c3 R4d6 21.
Ne2 Bc4 22. Rfe1 Re6 23. Qf4 Bxe2 24. Bxe2 Re4 25. Qc1 c5 26. Bf3 Rxe1+ 27.
Qxe1 e6 28. Qe5 Qd6 29. Qe3 Qd2 30. Qxd2 Rxd2 31. cxb4 cxb4 32. Rb1 Nd5 33. Kf1
Nf4 34. Ke1 Rxb2 35. Rxb2 Nd3+ 36. Kd2 Nxb2 37. Be2 Na4 38. Kd3 Nc3 39. Bf3
Nxa2 40. Kc4 a5 41. Bd1 Nc3 42. Bc2 e5 43. Kc5 f5 0-1

[Event "VIII Festival A"]
[Site "Amantea ITA"]
[Date "2010.08.31"]
[Round "3"]
[White "Cordi', Domenico"]
[Black "Blagojevic, Dragisa"]
[Result "0-1"]
[WhiteElo "2047"]
[BlackElo "2499"]
[PlyCount "108"]
[EventDate "2010.08.29"]

1. d4 Nf6 2. c4 e6 3. Nf3 d5 4. Nc3 c6 5. e3 Nbd7 6. Qc2 Bd6 7. Bd2 O-O 8. Rc1
a6 9. c5 Bc7 10. Bd3 e5 11. dxe5 Nxe5 12. Nxe5 Bxe5 13. Ne2 Re8 14. Bc3 d4 15.
Bxd4 Bxd4 16. exd4 Qxd4 17. O-O Qh4 18. Ng3 Be6 19. Nf5 Bxf5 20. Bxf5 g6 21.
Bd3 Re7 22. Qc4 Qxc4 23. Bxc4 Rd8 24. f3 a5 25. Rf2 Kf8 26. Kf1 Re5 27. Bb3 Rd4
28. Re2 Rg5 29. a3 Nd7 30. Rec2 Re5 31. Kf2 Rh4 32. h3 Rhh5 33. g4 Rxh3 34. Kg2
Rh4 35. Kg3 g5 36. Rc3 h5 37. Bd1 hxg4 38. fxg4 Rh1 39. b4 axb4 40. axb4 Ree1
41. Rd3 Ne5 42. Rd4 Re3+ 43. Kf2 Rd3 44. Rd6 Rxd6 45. cxd6 Nd3+ 46. Kg2 Nxc1
47. Kxh1 Nd3 48. Bb3 Nxb4 49. d7 Ke7 50. Bxf7 Kxd7 51. Kg2 Ke7 52. Bb3 Kd6 53.
Kf3 Ke5 54. Bf7 Kd4 0-1

[Event "VIII Festival A"]
[Site "Amantea ITA"]
[Date "2010.08.31"]
[Round "3"]
[White "Drasko, Milan"]
[Black "Diaz, Linda"]
[Result "1-0"]
[WhiteElo "2505"]
[BlackElo "2010"]
[PlyCount "57"]
[EventDate "2010.08.29"]

1. Nf3 Nf6 2. g3 g6 3. Bg2 Bg7 4. c4 O-O 5. O-O c6 6. d4 d5 7. b3 Re8 8. Bb2
Nbd7 9. e3 e6 10. Nc3 b6 11. Qc2 Ba6 12. Rfd1 Rc8 13. a4 Qc7 14. Nd2 e5 15.
cxd5 exd4 16. d6 d3 17. Qxd3 Bxd3 18. dxc7 Rxc7 19. Rac1 Ba6 20. Nb5 Bxb5 21.
axb5 c5 22. Nc4 Bf8 23. Bc6 Re7 24. Rd3 Ng4 25. f4 Nb8 26. Bf3 Nh6 27. Rd8 Nd7
28. Rd1 a6 29. Bc6 1-0

[Event "VIII Festival A"]
[Site "Amantea ITA"]
[Date "2010.08.31"]
[Round "3"]
[White "Gershenov, Ben"]
[Black "Rotunno, Giuseppe"]
[Result "1-0"]
[WhiteElo "2037"]
[BlackElo "2046"]
[PlyCount "75"]
[EventDate "2010.08.29"]

1. d4 d5 2. c4 c6 3. Nc3 Nf6 4. Nf3 e6 5. e3 Be7 6. Bd3 dxc4 7. Bxc4 b5 8. Bd3
Bb7 9. O-O O-O 10. a3 a5 11. Qc2 h6 12. Rd1 Nbd7 13. e4 b4 14. Ne2 Rc8 15. axb4
axb4 16. Bc4 Qb6 17. Be3 Ng4 18. Bf4 c5 19. d5 exd5 20. exd5 Bd6 21. Bxd6 Qxd6
22. Ng3 g6 23. Ne4 Qf4 24. Ra7 Rb8 25. h3 Nge5 26. Nxe5 Nxe5 27. Nxc5 Rbc8 28.
Bb5 Ba8 29. Qe4 Qxe4 30. Nxe4 f5 31. Nd6 Rc5 32. f4 Nf7 33. Nxf7 Rxb5 34. Nxh6+
Kh8 35. Nf7+ Kg8 36. d6 Bd5 37. d7 Rbb8 38. Rxd5 1-0

[Event "VIII Festival A"]
[Site "Amantea ITA"]
[Date "2010.08.31"]
[Round "3"]
[White "Gromovs, Sergejs"]
[Black "Mladenov, Plamen"]
[Result "1-0"]
[WhiteElo "2365"]
[BlackElo "2363"]
[PlyCount "139"]
[EventDate "2010.08.29"]

1. d4 Nf6 2. Nf3 g6 3. c4 Bg7 4. Nc3 d5 5. cxd5 Nxd5 6. e4 Nxc3 7. bxc3 c5 8.
Rb1 O-O 9. Be2 Nc6 10. d5 Ne5 11. Nxe5 Bxe5 12. Qd2 e6 13. f4 Bc7 14. O-O exd5
15. exd5 Ba5 16. f5 Bxf5 17. Rxb7 Qd6 18. Bc4 Rfb8 19. Rb3 Rxb3 20. axb3 Qe5
21. Rf3 Bc7 22. g3 a5 23. Re3 Qf6 24. Rf3 Qe5 25. Re3 Qf6 26. Rf3 a4 27. bxa4
Be5 28. Bb5 c4 29. Bc6 Rb8 30. g4 Qh4 31. gxf5 Rb1 32. Rf1 Qh3 33. fxg6 hxg6
34. d6 Rxc1 35. Rxc1 Bxh2+ 36. Qxh2 Qe3+ 37. Kg2 Qd2+ 38. Kh3 Qh6+ 39. Kg3 Qxc1
40. Qe2 Qg5+ 41. Kh3 Qh6+ 42. Kg2 Qg5+ 43. Kf1 Qc1+ 44. Kf2 Qf4+ 45. Bf3 Qxd6
46. Qxc4 Qh2+ 47. Bg2 Qe5 48. Bd5 Qf5+ 49. Ke3 Qg5+ 50. Kd3 Qf5+ 51. Ke3 Qg5+
52. Kd3 Qc1 53. Bxf7+ Kg7 54. Be6 Kf6 55. Bg4 Qb1+ 56. Kd2 Qb2+ 57. Ke3 Qc1+
58. Kf2 Kg5 59. Be2 Qh1 60. Qg4+ Kh6 61. Bd3 Qh2+ 62. Kf1 Qh1+ 63. Ke2 Qh2+ 64.
Kd1 Qh1+ 65. Kc2 Qh2+ 66. Kb1 Qh1+ 67. Kb2 Qb7+ 68. Kc2 g5 69. Qh3+ Kg7 70.
Qh7+ 1-0

[Event "VIII Festival A"]
[Site "Amantea ITA"]
[Date "2010.08.31"]
[Round "3"]
[White "Ljubisavljevic, Zivojin Z."]
[Black "Grigore, George-Gabriel"]
[Result "1/2-1/2"]
[WhiteElo "2271"]
[BlackElo "2532"]
[PlyCount "169"]
[EventDate "2010.08.29"]

1. d4 Nf6 2. c4 g6 3. Nc3 Bg7 4. e4 d6 5. f4 c5 6. d5 O-O 7. Bd3 e6 8. dxe6
fxe6 9. Nge2 Nc6 10. O-O Qe7 11. Ng3 b6 12. f5 Bb7 13. fxg6 hxg6 14. Bg5 Ne5
15. Qe2 Qd7 16. Rad1 Nh7 17. Bf4 Rf7 18. Bxe5 Bxe5 19. Qg4 Rg7 20. Nce2 Rf8 21.
Nf4 Rf6 22. b3 Qe8 23. Nh3 Bc8 24. Kh1 Qe7 25. Ng1 Rxf1 26. Rxf1 Nf6 27. Qg5
Nh5 28. Qxe7 Nxg3+ 29. hxg3 Rxe7 30. Nf3 Bxg3 31. e5 Kg7 32. exd6 Bxd6 33. Be4
Re8 34. Rd1 Bf4 35. Rd3 Kf6 36. Kg1 g5 37. Kf2 g4 38. g3 Bc7 39. Nh2 Kg5 40.
Nf1 Be5 41. Ke2 Rh8 42. Kf2 Bd4+ 43. Kg2 Rf8 44. Rd2 e5 45. Re2 Bd7 46. Nd2 a6
47. Bb7 Rb8 48. Ne4+ Kf5 49. Bd5 Kg6 50. Re1 b5 51. Rf1 Bf5 52. Nd6 Bd3 53. Rd1
bxc4 54. Bxc4 Bxc4 55. Nxc4 Kf5 56. Nd6+ Ke6 57. Ne4 c4 58. bxc4 Rb4 59. Rh1
Rb2+ 60. Kf1 Rb1+ 61. Kg2 Rb2+ 62. Kf1 Rxa2 63. Rh6+ Ke7 64. Rh7+ Kd8 65. c5
Rc2 66. Ra7 Bxc5 67. Nxc5 Rxc5 68. Rxa6 Rc4 69. Re6 Re4 70. Kf2 Kd7 71. Rg6 Ke7
72. Ra6 Rd4 73. Ke3 Rb4 74. Rg6 Kf7 75. Ra6 Rb3+ 76. Ke4 Rxg3 77. Kxe5 Rf3 78.
Ke4 Kg7 79. Rb6 Kh7 80. Ra6 Rf7 81. Ke3 g3 82. Ra2 Kh6 83. Rg2 Rg7 84. Kf3 Kh5
85. Rxg3 1/2-1/2

[Event "VIII Festival A"]
[Site "Amantea ITA"]
[Date "2010.08.31"]
[Round "3"]
[White "Llaneza Vega, Marcos"]
[Black "Collutiis, Duilio"]
[Result "1/2-1/2"]
[WhiteElo "2470"]
[BlackElo "2438"]
[PlyCount "56"]
[EventDate "2010.08.29"]

1. e4 e5 2. Nf3 Nc6 3. Bb5 Nf6 4. O-O Nxe4 5. d4 Nd6 6. dxe5 Nxb5 7. a4 Nbd4 8.
Nxd4 Nxd4 9. Qxd4 d5 10. Nc3 c6 11. Qd3 g6 12. Be3 Bf5 13. Qd4 Be6 14. Rfd1 Bg7
15. Qb4 Qc7 16. f4 Bf8 17. Bc5 Bxc5+ 18. Qxc5 Qb6 19. b4 O-O-O 20. a5 Qxc5+ 21.
bxc5 Bf5 22. Rd4 Kc7 23. Ra2 f6 24. exf6 Rhf8 25. Ne2 Rxf6 26. Rb4 Bc8 27. Nd4
Re8 28. Ra1 Rf7 1/2-1/2

[Event "VIII Festival A"]
[Site "Amantea ITA"]
[Date "2010.08.31"]
[Round "3"]
[White "Llaneza Vega, Patricia"]
[Black "Forlano, Luigi"]
[Result "1-0"]
[WhiteElo "2289"]
[BlackElo "2035"]
[PlyCount "107"]
[EventDate "2010.08.29"]

1. e4 c5 2. Nf3 g6 3. d4 cxd4 4. Nxd4 Nc6 5. Nc3 Bg7 6. Be3 Nf6 7. Bc4 O-O 8.
Bb3 a5 9. O-O d6 10. f3 Nxd4 11. Bxd4 Bd7 12. a4 Bc6 13. Qd2 Nd7 14. Bxg7 Kxg7
15. Rfd1 Nc5 16. Bc4 Qd7 17. Bb5 Qc7 18. Ra3 Rfd8 19. Nd5 Bxd5 20. exd5 Rf8 21.
Re3 f6 22. Rde1 Rf7 23. Qe2 Kf8 24. c3 b6 25. b4 Nb7 26. Bc6 Ra7 27. Re4 Nd8
28. Rc4 Qb8 29. f4 Kg7 30. h3 Rc7 31. Be8 Rf8 32. Rxc7 Qxc7 33. Qxe7+ Qxe7 34.
Rxe7+ Kg8 35. Bc6 Rf7 36. Re8+ Rf8 37. Kf2 Rxe8 38. Bxe8 Kf8 39. Bb5 Ke7 40.
Ke3 Nf7 41. Bd3 Kd8 42. h4 f5 43. h5 Nh6 44. Be2 Kc7 45. Kd4 Kb7 46. hxg6 hxg6
47. Bb5 Ng8 48. Be8 Ne7 49. Bf7 Ka6 50. Be8 Kb7 51. Kc4 Kc7 52. Bf7 axb4 53.
cxb4 Kb7 54. Kd4 1-0

[Event "VIII Festival A"]
[Site "Amantea ITA"]
[Date "2010.08.31"]
[Round "3"]
[White "Luvera', Filippo"]
[Black "Rotelli, Pietro"]
[Result "1/2-1/2"]
[WhiteElo "1953"]
[BlackElo "1959"]
[PlyCount "30"]
[EventDate "2010.08.29"]

1. e4 c6 2. d4 d5 3. exd5 cxd5 4. c4 Nf6 5. Nc3 Nc6 6. Nf3 Bg4 7. cxd5 Nxd5 8.
Qb3 Bxf3 9. gxf3 e6 10. Qxb7 Nxd4 11. Bb5+ Nxb5 12. Qxb5+ Qd7 13. Qxd7+ Kxd7
14. Nxd5 exd5 15. O-O g6 1/2-1/2

[Event "VIII Festival A"]
[Site "Amantea ITA"]
[Date "2010.08.31"]
[Round "3"]
[White "Milchev, Nikolay"]
[Black "Isonzo, David"]
[Result "0-1"]
[WhiteElo "2360"]
[BlackElo "2357"]
[PlyCount "102"]
[EventDate "2010.08.29"]

1. Nf3 d5 2. c4 dxc4 3. Qa4+ Qd7 4. Qxc4 Qc6 5. Qc3 Nf6 6. d3 g6 7. e4 Bg7 8.
Bf4 O-O 9. Qxc6 Nxc6 10. Nc3 Bg4 11. Ne5 Nxe5 12. Bxe5 c6 13. f3 Be6 14. d4
Rad8 15. O-O-O Bh6+ 16. Kc2 Nd7 17. Bg3 Nb6 18. b3 Bg7 19. Bf2 f5 20. Be3 fxe4
21. fxe4 Bg4 22. Rd2 e5 23. d5 cxd5 24. Nxd5 Nxd5 25. exd5 Rc8+ 26. Kb1 Rc3 27.
Bg5 e4 28. Rc2 Rxc2 29. Kxc2 Rf2+ 30. Kc1 Rxa2 31. h3 Bd7 32. g4 Bd4 33. d6 b5
34. Kb1 Rb2+ 35. Kc1 Ra2 36. Kb1 Rf2 37. Bh4 Rd2 38. Kc1 Be3 39. Kb1 g5 40. Be1
Rd1+ 41. Kc2 Rc1+ 42. Kb2 Rxe1 43. Bc4+ bxc4 44. Rxe1 Bd4+ 45. Kc2 cxb3+ 46.
Kxb3 e3 47. Kc4 Bb6 48. Kd5 Kf7 49. Rf1+ Ke8 50. Rb1 e2 51. Ke5 Ba5 0-1

[Event "VIII Festival A"]
[Site "Amantea ITA"]
[Date "2010.08.31"]
[Round "3"]
[White "Panarello, Giuseppe"]
[Black "Pelyushenko, Ivanna"]
[Result "1-0"]
[WhiteElo "1925"]
[BlackElo "1926"]
[PlyCount "53"]
[EventDate "2010.08.29"]

1. e4 e5 2. Nf3 Nc6 3. Bb5 a6 4. Ba4 Nf6 5. O-O Bc5 6. c3 Bb6 7. d4 exd4 8.
cxd4 h6 9. d5 Ne7 10. Nc3 O-O 11. e5 Nh7 12. d6 Ng6 13. Nd5 cxd6 14. exd6 Nf6
15. Nxb6 Qxb6 16. Be3 Qd8 17. Bc2 Ng4 18. Bd4 b5 19. Bf5 Nf6 20. Bxg6 fxg6 21.
Bxf6 Qxf6 22. Qd5+ Qf7 23. Qxa8 Qe6 24. Rac1 Qe8 25. Rfe1 Qd8 26. Rc3 Qb6 27.
Rxc8 1-0

[Event "VIII Festival A"]
[Site "Amantea ITA"]
[Date "2010.08.31"]
[Round "3"]
[White "Santagati, Alessandro"]
[Black "Grasso, Gaetano"]
[Result "1-0"]
[WhiteElo "2187"]
[BlackElo "1975"]
[PlyCount "103"]
[EventDate "2010.08.29"]

1. d4 Nf6 2. Nf3 e6 3. g3 b6 4. Bg2 Bb7 5. O-O c5 6. c4 cxd4 7. Nxd4 Bxg2 8.
Kxg2 Be7 9. Nc3 O-O 10. e4 Nc6 11. Nxc6 dxc6 12. e5 Nd7 13. f4 Qc7 14. Be3 Rfd8
15. Qf3 Nc5 16. Bxc5 Bxc5 17. Rad1 Rd4 18. Nb5 Qd7 19. Nxd4 Bxd4 20. f5 exf5
21. Qxf5 Qxf5 22. Rxf5 g6 23. Rf6 c5 24. Rd6 Re8 25. Re1 Bxe5 26. Rd7 f6 27.
Rxa7 Rd8 28. Re2 h5 29. Rb7 Rd6 30. a3 Rd4 31. Rc2 h4 32. gxh4 Rxh4 33. h3 Rd4
34. Rxb6 Rd3 35. a4 Rg3+ 36. Kf1 Rxh3 37. Rg2 Kg7 38. a5 Rd3 39. Rb5 Rd1+ 40.
Ke2 Ra1 41. Kd3 Bd4 42. Ke4 f5+ 43. Kd5 f4 44. Ke4 Be3 45. Rb7+ Kf6 46. Rb6+
Kf7 47. a6 Ra4 48. b3 Rb4 49. Rxb4 cxb4 50. Ra2 Ba7 51. Kxf4 Ke6 52. Ra4 1-0

[Event "VIII Festival A"]
[Site "Amantea ITA"]
[Date "2010.08.31"]
[Round "3"]
[White "Scerbo, Antonio"]
[Black "Bentivegna, Francesco"]
[Result "1/2-1/2"]
[WhiteElo "2116"]
[BlackElo "2340"]
[PlyCount "121"]
[EventDate "2010.08.29"]

1. d4 e6 2. c4 Bb4+ 3. Bd2 a5 4. a3 Bxd2+ 5. Qxd2 d6 6. Nf3 Nf6 7. Nc3 Nbd7 8.
g3 O-O 9. Bg2 e5 10. O-O Re8 11. b4 h6 12. dxe5 dxe5 13. Rad1 axb4 14. axb4 Qe7
15. c5 e4 16. Nd4 Ne5 17. Qc2 Ng6 18. e3 Bg4 19. Ra1 Rab8 20. h3 Bd7 21. Rfd1
h5 22. Ncb5 Qe5 23. Qe2 h4 24. g4 Qg5 25. Nxc7 Re7 26. Nf5 Bxf5 27. gxf5 Qxf5
28. Nb5 Qg5 29. Nd6 Ne5 30. Kh1 Nd3 31. Nxe4 Nxe4 32. Rxd3 Qf5 33. Rf1 Rbe8 34.
Rd4 Re6 35. Kh2 Qe5+ 36. Kh1 Qf5 37. Qf3 Qh7 38. Qf4 f5 39. Bxe4 Rxe4 40. Qg5
f4 41. Rd7 R8e5 42. Qd8+ Re8 43. Qg5 R8e5 44. Qd8+ Re8 45. Qc7 Rxe3 46. Rxg7+
Qxg7 47. Qxg7+ Kxg7 48. fxe3 fxe3 49. Kg2 Re4 50. b5 Rc4 51. c6 bxc6 52. bxc6
Rxc6 53. Re1 Rc3 54. Re2 Kf6 55. Kf3 Kf5 56. Rxe3 Rc1 57. Re4 Rc3+ 58. Re3 Rc1
59. Re4 Rf1+ 60. Kg2 Kxe4 61. Kxf1 1/2-1/2

[Event "VIII Festival A"]
[Site "Amantea ITA"]
[Date "2010.08.31"]
[Round "3"]
[White "Vespe, Francesco"]
[Black "Carola, Paolo"]
[Result "1-0"]
[WhiteElo "1996"]
[BlackElo "1917"]
[PlyCount "41"]
[EventDate "2010.08.29"]

1. d4 d5 2. c4 e6 3. Nc3 c6 4. Nf3 Nf6 5. Bg5 h6 6. Bh4 Be7 7. e3 Nbd7 8. Rc1
O-O 9. Bd3 dxc4 10. Bxc4 Nd5 11. Bg3 b5 12. Bd3 Bb7 13. O-O b4 14. Ne4 N7f6 15.
Nc5 Qb6 16. Ne5 Rad8 17. Nc4 Qb5 18. Nd6 Qb6 19. Ndxb7 Rc8 20. Nd6 Rcd8 21. Nc4
1-0

[Event "VIII Festival A"]
[Site "Amantea ITA"]
[Date "2010.09.01"]
[Round "4"]
[White "Abatino, Maurizio"]
[Black "Vespe, Francesco"]
[Result "0-1"]
[WhiteElo "2163"]
[BlackElo "1996"]
[PlyCount "104"]
[EventDate "2010.08.29"]

1. d4 d5 2. c4 e6 3. Nc3 Nf6 4. Bg5 Be7 5. e3 Nbd7 6. Nf3 O-O 7. Rc1 b6 8. cxd5
exd5 9. Bd3 Bb7 10. O-O c5 11. Bb1 Ne4 12. Bf4 g5 13. Be5 Nxe5 14. Nxe5 f6 15.
Nf3 a6 16. a3 Rc8 17. Ba2 Nxc3 18. Rxc3 c4 19. Bb1 b5 20. Nd2 Bd6 21. Bf5 Rc7
22. e4 Re7 23. exd5 Bxd5 24. Qg4 Qe8 25. Rh3 Rff7 26. Rh6 Be6 27. Nf3 Bxf5 28.
Qxf5 Qd7 29. Qc2 Bf4 30. Rh5 Qg4 31. Rh3 Qe6 32. Rh5 Qe4 33. Qc3 Qg6 34. g4 f5
35. h3 fxg4 36. hxg4 Qe6 37. Nh2 Bxh2+ 38. Rxh2 Qxg4+ 39. Rg2 Qf4 40. Qa5 Qf6
41. Qd8+ Kg7 42. f4 h6 43. Qd5 Rd7 44. Qe5 Rxd4 45. Qxf6+ Rxf6 46. fxg5 Rxf1+
47. Kxf1 h5 48. Re2 Rd1+ 49. Kf2 Kg6 50. Re6+ Kxg5 51. Rxa6 Rd2+ 52. Kf3 Rxb2
0-1

[Event "VIII Festival A"]
[Site "Amantea ITA"]
[Date "2010.09.01"]
[Round "4"]
[White "Bentivegna, Francesco"]
[Black "Bifulco, Michel"]
[Result "1-0"]
[WhiteElo "2340"]
[BlackElo "1952"]
[PlyCount "53"]
[EventDate "2010.08.29"]

1. e4 c5 2. c3 d5 3. exd5 Qxd5 4. d4 g6 5. Nf3 Bg7 6. Na3 Nf6 7. Bc4 Qd8 8. Qb3
O-O 9. Ne5 e6 10. O-O cxd4 11. Rd1 Nfd7 12. cxd4 Qb6 13. Qh3 Nxe5 14. dxe5 Bxe5
15. Be3 Qxb2 16. Bc5 Nd7 17. Rab1 Qxb1 18. Nxb1 Nxc5 19. Qe3 Nd7 20. Rxd7 Bxd7
21. Qxe5 Rfc8 22. Nd2 b5 23. Bd3 Rc1+ 24. Nf1 a5 25. h4 Rac8 26. Qd4 Be8 27.
Kh2 1-0

[Event "VIII Festival A"]
[Site "Amantea ITA"]
[Date "2010.09.01"]
[Round "4"]
[White "Blagojevic, Dragisa"]
[Black "Gromovs, Sergejs"]
[Result "1-0"]
[WhiteElo "2499"]
[BlackElo "2365"]
[PlyCount "23"]
[EventDate "2010.08.29"]

1. d4 Nf6 2. c4 c5 3. d5 b5 4. Nf3 e6 5. Bg5 h6 6. Bxf6 Qxf6 7. Nc3 b4 8. Nb5
Kd8 9. e4 g5 10. e5 Qg7 11. g4 Bb7 12. Qa4 1-0

[Event "VIII Festival A"]
[Site "Amantea ITA"]
[Date "2010.09.01"]
[Round "4"]
[White "Carola, Paolo"]
[Black "Luvera', Filippo"]
[Result "0-1"]
[WhiteElo "1917"]
[BlackElo "1953"]
[PlyCount "88"]
[EventDate "2010.08.29"]

1. e4 c5 2. Nf3 Nc6 3. Bb5 g6 4. O-O Bg7 5. c3 Nf6 6. Re1 O-O 7. d4 cxd4 8.
cxd4 d6 9. d5 Nb8 10. Nc3 Nbd7 11. Bxd7 Nxd7 12. Be3 Ne5 13. Nxe5 Bxe5 14. f4
Bg7 15. Bd4 Bd7 16. Bxg7 Kxg7 17. Qd4+ Kg8 18. e5 dxe5 19. fxe5 Re8 20. Rad1 a6
21. e6 fxe6 22. dxe6 Bc6 23. Qf2 Qc7 24. Nd5 Bxd5 25. Rxd5 Rad8 26. Red1 Rf8
27. Rxd8 Rxd8 28. Rxd8+ Qxd8 29. Qf7+ Kh8 30. h4 Qd4+ 31. Kf1 Qd3+ 32. Kf2 Qf5+
33. Qxf5 gxf5 34. Kf3 Kg7 35. Kf4 Kf6 36. g4 fxg4 37. Kxg4 Kxe6 38. Kg5 Kd5 39.
Kh6 e5 40. Kxh7 e4 41. Kg6 e3 42. h5 e2 43. h6 e1=Q 44. h7 Qe5 0-1

[Event "VIII Festival A"]
[Site "Amantea ITA"]
[Date "2010.09.01"]
[Round "4"]
[White "Collutiis, Duilio"]
[Black "Ljubisavljevic, Zivojin Z."]
[Result "1/2-1/2"]
[WhiteElo "2438"]
[BlackElo "2271"]
[PlyCount "57"]
[EventDate "2010.08.29"]

1. e4 e6 2. d3 c5 3. g3 d5 4. Nd2 Nc6 5. Bg2 Nf6 6. Ngf3 Be7 7. O-O b5 8. Re1
dxe4 9. dxe4 e5 10. a4 bxa4 11. c3 O-O 12. Rxa4 a5 13. Nc4 Qc7 14. Ne3 Rd8 15.
Qc2 Rb8 16. Nd5 Qb7 17. Nd2 Be6 18. Nxe7+ Qxe7 19. Bf1 Nd7 20. Ra3 Nb6 21. Bb5
Na7 22. Rxa5 Nxb5 23. Rxb5 Qd6 24. b4 cxb4 25. Rxb4 Rdc8 26. Ba3 Ra8 27. Nb1
Qc6 28. Bc1 Nc4 29. Nd2 1/2-1/2

[Event "VIII Festival A"]
[Site "Amantea ITA"]
[Date "2010.09.01"]
[Round "4"]
[White "Colucci, Pasquale"]
[Black "Familari, Giuseppe"]
[Result "1-0"]
[WhiteElo "2016"]
[BlackElo "1947"]
[PlyCount "97"]
[EventDate "2010.08.29"]

1. e4 e6 2. d4 d5 3. Nc3 Bb4 4. exd5 exd5 5. Bd3 Ne7 6. Qf3 Nbc6 7. Be3 Be6 8.
Nh3 Qd7 9. Ng5 O-O-O 10. Nxe6 fxe6 11. O-O e5 12. Bb5 Qe6 13. Bxc6 Nxc6 14. Ne2
Rdf8 15. Qh5 g6 16. Qh6 Qg4 17. f3 Qe6 18. c3 Bd6 19. Rae1 Qf5 20. dxe5 Bxe5
21. Nd4 Nxd4 22. Bxd4 Bxd4+ 23. cxd4 Qf6 24. Re5 Qb6 25. Qd2 Rf5 26. Rfe1 Rxe5
27. Rxe5 Rd8 28. Re7 h5 29. Qf4 Qd6 30. Qf7 Qb6 31. Qe6+ Qxe6 32. Rxe6 Rg8 33.
Re7 Kd8 34. Rh7 Re8 35. Rg7 Re6 36. Kf2 b6 37. Rg8+ Kd7 38. Rg7+ Kd6 39. b4 a6
40. a4 c5 41. bxc5+ bxc5 42. Ra7 Re8 43. Rxa6+ Kc7 44. dxc5 d4 45. Rd6 Re5 46.
Rxd4 Rxc5 47. h4 Rc2+ 48. Kg3 Ra2 49. Rf4 1-0